Relación ingreso-productividad y política salarial /
El autor presenta una visión crítica de algunos elementos del Informe sobre desarrollo Mundial del Banco Mundial. Luego de examinar la trilogía del Banco, plantea interrogantes respecto del largo plazo de las inversiones y el acceso a los sistemas educativos y de capacitación para facilitar la igual...
Na minha lista:
| Autor principal: | |
|---|---|
| Formato: | Texto |
| Colecção: | SERIE POLITICAS SOCIALES/CEPAL
|
| Assuntos: | |
| Tags: |
Adicionar Tag
Sem tags, seja o primeiro a adicionar uma tag!
|
MARC
| LEADER | 00000 a a2200000 04500 | ||
|---|---|---|---|
| 001 | 17453 | ||
| 003 | |||
| 040 | |||
| 090 | |a REV1291 (19) 1997 | ||
| 100 | |a Riveros, Luis | ||
| 245 | |a Relación ingreso-productividad y política salarial / |c Luis Riveros | ||
| 440 | |a SERIE POLITICAS SOCIALES/CEPAL | ||
| 520 | |a El autor presenta una visión crítica de algunos elementos del Informe sobre desarrollo Mundial del Banco Mundial. Luego de examinar la trilogía del Banco, plantea interrogantes respecto del largo plazo de las inversiones y el acceso a los sistemas educativos y de capacitación para facilitar la igualación de productividades. Por último señala una serie de aspectos indispensables en el diseño de políticas hacia el mercado de trabajo y a la configuración de una nueva empresa. REV//jmml | ||
| 650 | |a INGRESO | ||
| 650 | |a PRODUCTIVIDAD | ||
| 650 | |a POLITICA SALARIAL | ||
| 650 | |a MERCADO DE TRABAJO | ||
| 650 | |a INTEGRACION ECONOMICA | ||
| 650 | |a POLITICA SOCIAL | ||
| 773 | |a número19, (1997) | ||
| 999 | |c 37866 |d 37866 | ||
